000 00282nam a2200121Ia 4500
008 190216s9999||||xx |||||||||||||| ||und||
100 _aGregory Grossman
245 0 _aEconomic Systems
260 _bPentice Hall Of India
_c1978
300 _a195p
650 _aEconomics
942 _cBK
999 _c9399
_d9399